000 00360nam a2200145Ia 4500
008 160319s9999 xx 000 0 und d
020 _a9714807093
050 _a900
050 _bC141p 2006
100 _aCalario, Emmanuel Franco
245 _aPanahon, Kasaysayan, at Lipunan III /
260 _bDiwa Textbooks.
260 _c2006
300 _a375 pages :
999 _c292216
_d292216